000 00679nam a2200193 a 4500
001 000036219
005 20200930074951.0
008 120111s1969 sp 000 0 spa d
040 _aDO-SdBNP
_bspa
_cBNPHU
082 _axxxx
_bS487k
100 1 _aSerratosa, Felix
_962282
245 1 0 _aKhymós /
_cFelix Serratosa ; Rafael Pérez A. Ossorio.
260 _aMadrid, :
_bAlhambra,
_c1969.
300 _a244 p. ;
_c20 cm.
490 1 _aHistoria y fiolosofía de las ciencias ;
_vno. 3
504 _aIncluye referencias bibliográficas y notas al pie de las páginas.
700 1 2 _aPérez A. Ossorio, Rafael
_962283
830 0 _aHistoria y fiolosofía de las ciencias ;
_vno 3
_962284
999 _c35710
_d35710